Sports Quiz

Random Sports or Basketball Quiz

NBA Every 25 PPG Scorer In History Quiz Stats

Quiz Updated Apr 18, 2017

Challenge
Share
Tweet
Embed
Score 0/99 Timer 10:00
54 Plays Today
# Player % Correct
11Michael Jordan
98.7%
12Kobe Bryant
98.6%
13Lebron James
98.4%
12Karl Malone
94.3%
9Shaquille O'Neal
93.5%
9Allen Iverson
93.3%
3Moses Malone
93.2%
8Kevin Durant
91.5%
7Carmelo Anthony
90.7%
4Dwyane Wade
89.3%
10Kareem Abdul-Jabbar
89.2%
2Stephen Curry
88%
7Jerry West
87.2%
4Paul Pierce
86.6%
5Dirk Nowitzki
86.1%
2Russell Westbrook
86%
7Wilt Chamberlain
85.2%
5James Harden
84.8%
4Larry Bird
83.6%
1Joe Johnson
83.5%
1Marques Johnson
83.1%
4David Robinson
82.2%
1Anthony Davis
81.8%
9Dominique Wilkins
80.5%
1Tim Duncan
80.3%
1Isaiah Thomas
80%
1Kyrie Irving
79.1%
5Tracy McGrady
78.3%
4Hakeem Olajuwon
77.8%
3Vince Carter
76.1%
2Ray Allen
75.2%
1Kawhi Leonard
75.1%
1Derrick Rose
74%
# Player % Correct
5Charles Barkley
73.8%
1DeMar DeRozan
73.3%
8Oscar Robertson
71.9%
2DeMarcus Cousins
71.7%
1Karl-Anthony Towns
70.1%
3Amare Stoudemire
68.6%
2Damian Lillard
68.3%
2Patrick Ewing
68.1%
3Clyde Drexler
67.9%
3Gilbert Arenas
66.6%
2Kevin Love
64.7%
7George Gervin
63.3%
1Chris Webber
62.1%
7Elgin Baylor
59.3%
8Alex English
57.2%
1Monta Ellis
56.7%
2Dale Ellis
56.4%
4Chris Mullin
56.1%
1Kevin McHale
53.5%
2Michael Redd
53.2%
1Julius Erving
52.3%
4Rick Barry
49.3%
1Danny Granger
48.7%
7Bob Pettit
47.8%
4Pete Maravich
46.8%
2John Havlicek
45.3%
2Bob Love
44.4%
3George Mikan
43.8%
3Bernard King
43%
1Grant Hill
41.7%
3David Thompson
40%
5Bob McAdoo
39.6%
6Adrian Dantley
39.3%
# Player % Correct
1Sam Jones
38%
1Mitch Richmond
37.2%
1Jerry Stackhouse
37.2%
4Elvin Hayes
37.1%
2Tom Chambers
29.2%
4Mark Aguirre
28%
3Tiny Archibald
27.2%
1Glen Rice
26.9%
1Earl Monroe
24.9%
2Dave Bing
23.9%
2Gail Goodrich
22.4%
2Bob Lanier
21.5%
3Kiki Vandeweghe
18.5%
3Paul Arizin
17.6%
2World B Free
17.4%
1Calvin Murphy
16.5%
3Walt Bellamy
15.1%
1Billy Cunningham
13.5%
1Michael Adams
12.8%
3Lou Hudson
10.7%
1Paul Westphal
10.1%
1Kelly Tripucka
9%
3Jack Twyman
8.9%
2Spencer Haywood
8.6%
1Orlando Woolridge
7.6%
1Joe Fulks
6.7%
1Charlie Scott
6.4%
1George Yardley
5.5%
1Richie Guerin
5.3%
2Purvis Short
5.1%
1Billy Knight
4.1%
1Archie Clark
2.2%
1Willie Naulls
1.7%

You're not logged in!

Compare scores with friends on all Sporcle quizzes.
Sign Up with Email
OR
Log In

You Might Also Like...

Show Comments

Extras

Top Quizzes Today


Score Distribution

Your Account Isn't Verified!

In order to create a playlist on Sporcle, you need to verify the email address you used during registration. Go to your Sporcle Settings to finish the process.